000 00929nam a22002897a 4500
003 CHAP
005 20220329135326.0
008 971013s1980 r 00010 d
010 _a34430
011 _a35402
035 _a39518
040 _cCHAP
082 _a519.92
_bF3
100 0 0 _aFabila Carrera, Gilberto.
_939271
245 _aPlaneación y análisis de experimentos industriales
260 _aMéxico :
_bLaboratorios Nacionales de Fomento Industrial,
_c1980
300 _a107 p.
_b: gráfs.
590 _aBATCH-UPD
_b10
_c20130110
_lUCH01
_h1603
590 _aBATCH-UPD
_b10
_c20130410
_lUCH01
_h1000
590 _aBATCH-UPD
_b10
_c20130914
_lUCH01
_h1206
590 _aCONVERSION
_b10
_c20130109
_lUCH01
_h1319
650 1 4 _aDiseños experimentales.
_932735
650 1 4 _aIndustria
_xInvestigación.
_957745
901 _aBK
942 _cLIBRO
949 _a519.92 F3
_bBC
_cLIBRO
_d33724000445441
_eLIBRO
_h56885
_i39518
_si
999 _c34430
_d34430